[Event "Khanty-Mansiysk Governor Cup 18th"]
[Site "Khanty-Mansiysk"]
[Date "2022.11.21"]
[Round "5"]
[White "Goganov, Aleksey"]
[Black "Ponomarev, Andrey A"]
[Result "1-0"]
[WhiteElo "2522"]
[BlackElo "2088"]
[PlyCount "147"]
[EventDate "2022.11.17"]
[EventType "swiss"]
[EventRounds "9"]
[EventCountry "RUS"]
[SourceTitle "CBM 211 Extra"]
[Source "ChessBase"]
[SourceDate "2023.01.31"]
[SourceVersion "1"]
[SourceVersionDate "2023.01.31"]
[SourceQuality "1"]

1. e4 e6 2. d4 d5 3. Nc3 Nf6 4. e5 Nfd7 5. f4 c5 6. Nf3 Nc6 7. Be3 Be7 8. Qd2 0-0 9. dxc5 Qa5 10. 0-0-0 b6 11. Bb5 Nb4 12. a3 bxc5 13. Bxd7 Bxd7 14. axb4 cxb4 15. Nb1 Rfc8 16. Nd4 Qa2 17. Qd3 a5 18. b3 Rc3 19. Nxc3 bxc3 20. Qxc3 Bb4 21. Qxb4 axb4 22. Kd2 Qb2 23. Ke2 Rc8 24. Rd2 Rc3 25. Kf2 h5 26. Re1 Qa2 27. Rc1 Qa5 28. Ne2 Rc8 29. Bd4 Bb5 30. Ng1 Qc7 31. Ra1 Qd8 32. Nf3 Rc6 33. h3 Qc8 34. Rc1 Ba6 35. g4 hxg4 36. hxg4 Qc7 37. Kg3 Kf8 38. Ra1 Bb7 39. Rc1 Ba6 40. Rh2 Rc3 41. Ra1 Rc6 42. Rh8+ Ke7 43. Ra8 Bb7 44. R8a7 Rxc2 45. R1a4 Qc8 46. Rxb4 Rc7 47. Bc5+ Ke8 48. Nd4 Rxc5 49. Rbxb7 Rc3+ 50. Kh4 g5+ 51. fxg5 Rh3+ 52. Kxh3 Qc3+ 53. Kg2 Qd2+ 54. Kf3 Qd3+ 55. Kf2 Qxd4+ 56. Ke2 Qxe5+ 57. Kd1 Qd4+ 58. Kc2 Qf2+ 59. Kb1 Qg1+ 60. Ka2 Qf2+ 61. Ka3 Qc5+ 62. b4 Qc3+ 63. Ka4 Qa1+ 64. Kb5 Qf1+ 65. Kb6 Qf2+ 66. Kc7 Qf4+ 67. Kc8 Qd6 68. Rd7 Qc6+ 69. Rdc7 Qd6 70. b5 d4 71. Rd7 Qb6 72. Re7+ Kf8 73. Rxf7+ Kg8 74. Rfd7 1-0

[Event "Khanty-Mansiysk Governor Cup 18th"]
[Site "Khanty-Mansiysk"]
[Date "2022.11.17"]
[Round "1"]
[White "Afanasiev, Nikita"]
[Black "Ponomarev, Andrey A"]
[Result "1-0"]
[WhiteElo "2569"]
[BlackElo "2088"]
[PlyCount "99"]
[EventDate "2022.11.17"]
[EventType "swiss"]
[EventRounds "9"]
[EventCountry "RUS"]
[SourceTitle "CBM 211 Extra"]
[Source "ChessBase"]
[SourceDate "2023.01.31"]
[SourceVersion "1"]
[SourceVersionDate "2023.01.31"]
[SourceQuality "1"]

1. d4 Nf6 2. Nf3 g6 3. g3 Bg7 4. Bg2 d5 5. c4 c6 6. Qa4 0-0 7. 0-0 Ne4 8. Nc3 Nxc3 9. bxc3 Nd7 10. cxd5 cxd5 11. Nd2 Nb6 12. Qa5 Be6 13. Ba3 Qd7 14. Rab1 Rfc8 15. Rb5 Nc4 16. Nxc4 Rxc4 17. Rfb1 b6 18. Rxb6 axb6 19. Qxa8+ Rc8 20. Qa6 Qc6 21. Rb3 Ra8 22. Qd3 Ra7 23. Qb1 Qa4 24. h4 Bf8 25. Qc1 Qa5 26. Kh2 Qa6 27. Qe3 Qc4 28. Qe5 Ra8 29. Bf3 Bg7 30. Qe3 Bf6 31. Bc1 Qc7 32. Qf4 Qc6 33. Qd2 Ra6 34. Qb2 Bd7 35. Bh6 Qd6 36. Bf4 Qc6 37. Bh6 Qd6 38. e3 b5 39. Be2 Bg7 40. Bf4 e5 41. dxe5 Bxe5 42. Bxb5 Bxb5 43. Rxb5 Rc6 44. a4 Bxf4 45. exf4 Rc4 46. Rb4 Rc5 47. Rb8+ Kg7 48. Qb4 Qc6 49. Qd4+ f6 50. Qb4 1-0

[Event "Moscow op-A 17th"]
[Site "Moscow"]
[Date "2021.02.21"]
[Round "2"]
[White "Lunin, Aleksey"]
[Black "Ponomarev, Andrey A"]
[Result "1-0"]
[WhiteElo "1513"]
[BlackElo "1893"]
[PlyCount "85"]
[EventDate "2021.02.20"]
[EventType "swiss"]
[EventRounds "9"]
[EventCountry "RUS"]
[SourceTitle "CBM 200 Extra"]
[Source "ChessBase"]
[SourceDate "2021.03.31"]
[SourceVersion "1"]
[SourceVersionDate "2021.03.31"]
[SourceQuality "1"]

1. e4 e6 2. d4 d5 3. Bd3 dxe4 4. Bxe4 Nf6 5. Bf3 c5 6. Ne2 Nc6 7. Be3 Nd5 8. Bxd5 Qxd5 9. Nbc3 Qd7 10. dxc5 Ne5 11. Qd4 Qxd4 12. Bxd4 Nc6 13. Nb5 Nxd4 14. Nexd4 Kd7 15. b4 e5 16. Nb3 Kc6 17. a4 b6 18. 0-0-0 Be6 19. Nd6 Rd8 20. Nb5 Ra8 21. Nd6 Rd8 22. Nb5 Rxd1+ 23. Rxd1 a6 24. Nd6 bxc5 25. bxc5 Be7 26. Kb2 Rd8 27. c4 f5 28. f3 Rb8 29. Kc3 Bf6 30. Na5+ Kc7 31. Nb3 g6 32. Re1 Bd7 33. Ra1 e4+ 34. Nd4 e3 35. Re1 f4 36. g3 g5 37. Ne4 Be5 38. Nxg5 Bxa4 39. Kd3 fxg3 40. hxg3 Bxg3 41. Rxe3 Bc6 42. f4 Bf2 43. Rh3 1-0

[Event "Cheliabinsk Panchenko Memorial op-A"]
[Site "Cheliabinsk"]
[Date "2020.09.11"]
[Round "5"]
[White "Tykheev, Aldar"]
[Black "Ponomarev, Andrey A"]
[Result "1-0"]
[WhiteElo "1701"]
[BlackElo "1811"]
[PlyCount "125"]
[EventDate "2020.09.07"]
[EventType "swiss"]
[EventRounds "9"]
[EventCountry "RUS"]
[SourceTitle "CBM 198 Extra"]
[Source "ChessBase"]
[SourceDate "2020.11.30"]
[SourceVersion "1"]
[SourceVersionDate "2020.11.30"]
[SourceQuality "1"]

1. e4 e6 2. d4 d5 3. Nc3 Nf6 4. e5 Nfd7 5. Nf3 c5 6. Bf4 Nc6 7. dxc5 Bxc5 8. Qd2 Bb4 9. a3 Ba5 10. b4 Bc7 11. Bb5 a6 12. Bxc6 bxc6 13. 0-0 Nb6 14. Qd3 h6 15. Nd4 Nc4 16. Rfe1 Bd7 17. Qg3 g5 18. Bc1 Qe7 19. Nf3 Bb8 20. Na4 f5 21. Nd2 Nxd2 22. Bxd2 Ba7 23. Rad1 Kf7 24. Bc3 c5 25. Nxc5 Bxc5 26. bxc5 Qxc5 27. Bb4 Qc4 28. Qf3 Kg6 29. Qe3 Bb5 30. Rd4 Qc6 31. h4 f4 32. Qh3 a5 33. Bd6 Qd7 34. Rb1 Rae8 35. a4 Bc4 36. Qf3 Ba6 37. Qg4 Qf7 38. Rb6 Bc8 39. Rc6 Bd7 40. Rc7 Rd8 41. c4 dxc4 42. Ba3 Rh7 43. Qd1 h5 44. hxg5 Kxg5 45. Qf3 Bc6 46. Qxc6 Qxc7 47. Qxc7 Rxc7 48. Rxd8 Kf5 49. Rd2 c3 50. Re2 Rc4 51. f3 Rxa4 52. Bd6 Rb4 53. Kf2 Rb1 54. Ba3 Rb3 55. Bc1 a4 56. Ra2 Rb1 57. Rc2 Rb3 58. Ra2 Rb1 59. Rc2 Rb3 60. Ke2 Kxe5 61. Kd3 a3 62. Rxc3 a2 63. Rxb3 1-0

[Event "Cheliabinsk Panchenko Memorial op-A"]
[Site "Cheliabinsk"]
[Date "2020.09.10"]
[Round "4"]
[White "Ponomarev, Andrey A"]
[Black "Chyndygyr, Tamerlan"]
[Result "0-1"]
[WhiteElo "1811"]
[BlackElo "2052"]
[PlyCount "80"]
[EventDate "2020.09.07"]
[EventType "swiss"]
[EventRounds "9"]
[EventCountry "RUS"]
[SourceTitle "CBM 198 Extra"]
[Source "ChessBase"]
[SourceDate "2020.11.30"]
[SourceVersion "1"]
[SourceVersionDate "2020.11.30"]
[SourceQuality "1"]

1. e4 c5 2. Nf3 Nc6 3. d4 cxd4 4. Nxd4 Qb6 5. Nb3 Nf6 6. Nc3 e6 7. Be3 Qc7 8. Qd2 Bb4 9. f3 d5 10. a3 Bxc3 11. Qxc3 dxe4 12. fxe4 0-0 13. Bd3 b6 14. 0-0 Ne8 15. Nd4 Nxd4 16. Qxc7 Nxc7 17. Bxd4 f6 18. Kf2 e5 19. Bc4+ Be6 20. Bxe6+ Nxe6 21. Bc3 Rfd8 22. Rfd1 Kf7 23. Ke3 Rxd1 24. Rxd1 Rd8 25. Rxd8 Nxd8 26. Kd3 Ke6 27. Bd2 Kd6 28. Be3 Kc6 29. c4 h5 30. b4 Ne6 31. g3 g6 32. Bd2 Nd4 33. Bc3 Nf3 34. h4 Nh2 35. Ke2 b5 36. c5 Kd7 37. Bd2 Ke6 38. Bc3 Ng4 39. Be1 f5 40. Kf3 Kf6 0-1